| 000 | 01073nam a22002651i 4500 | ||
|---|---|---|---|
| 001 | 000030523 | ||
| 003 | RuMoIPM | ||
| 005 | 20260507123802.0 | ||
| 008 | 130416s1964----ur | c rus | ||
| 040 |
_aRuMoIPM _brus _ercr |
||
| 041 | 0 | _arus | |
| 080 | _a51(076) | ||
| 080 | _a514.742 | ||
| 080 | _a514.12 | ||
| 080 | _a517.2/.3 | ||
| 080 | _a517.518 | ||
| 245 | 1 |
_aВып. 4 : _aВекторная алгебра. Аналитическая геометрия в пространстве. Дифференциальное и интегральное исчисления функций многих переменных _cТ. А. Елистратова, Х. Р. Сулейманова, А. С. Шумов |
|
| 260 | _c1964 | ||
| 300 |
_a204 с. _bчерт. |
||
| 700 | 1 | _aЕлистратова Т. А. | |
| 700 | 1 | _aСулейманова, Х. Р. | |
| 700 | 1 | _aШумов, А. С. | |
| 773 | 1 | 8 |
_b2-е изд _dМосква: Высшая школа, 1964- _tСборник задач по курсу высшей математики _w000030522 |
| 942 | _cBK | ||
| 999 |
_c30523 _d30523 |
||